Managing with emotional intelligence : it takes two to tango

Bibliographic Details
Main Author: Meyer, Henry R.
Format: Book
Published: Petaling Jaya : Golden Book Centre , 2004
Subjects:

MARC

LEADER 00000cam a2200000 7i4500
001 0000003388
005 20050824.0
020 0 0 |a 9837205199 
090 0 0 |a 658.4092   |b MEY 
100 1 0 |a Meyer, Henry R. 
245 1 0 |a Managing with emotional intelligence :   |b it takes two to tango   |c Henry R. Meyer 
260 0 0 |a Petaling Jaya :   |b Golden Book Centre ,   |c 2004 
300 |a viii, 126p. :   |b ill. ;   |c 22cm. 
650 0 0 |a Emotional intelligence 
650 0 0 |a Executive ability 
650 0 0 |a Leadership   |x Psychological aspects 
999 |a 0000006290   |b Monograph   |c Open Shelf   |e Default branch